Easy Geography Multiple Choice - Statistics

General Stats
  • This quiz has been taken 924 times
  • The average score is 3 of 9
Answer Stats
Question Answer % Correct
Which of these are an island? Greenland
76%
What is the capital of the state of Enugu in Nigeria? Enugu
67%
Which country has territory in the island of New Guinea? Indonesia
67%
Which state is Kansas City in? Missouri
38%
Which state does the Mississippi River empty out in? Louisiana
33%
Which of these countries passes through the equator? Gabon
19%
Which state is more West? Virginia
19%
Which country in Benin City in? Nigeria
14%
Through which country does the Canadian River flow? United States
14%
No matching quizzes found
Score Distribution
Percent of People with Each Score
Percentile by Number Answered
Your Score History
You have not taken this quiz